00374pab a2200133 454500008004000000100002100040245006100061260000900122300001300131362000800144650004200152650002000194773002600214180718b1996 xxu||||| |||| 00| 0 eng d aRao, N. Sudhakar aIdeology, power and resistance in a South Indian village c1996 ap.205-32 aSep aUntouchables - India - Andhra Pradesh aSocial problems aSociological Bulletin